Catálogo
 En Linea

Las declaraciones de la Habana / (Registro nro. 40062)

Detalles MARC
000 -CABECERA
campo de control de longitud fija 01013nam a2200253 a 4500
001 - NÚMERO DE CONTROL
campo de control 000040572
005 - FECHA Y HORA DE LA ÚLTIMA TRANSACCIÓN
campo de control 20240502094959.0
008 - DATOS DE LONGITUD FIJA--INFORMACIÓN GENERAL
campo de control de longitud fija 130902s2012 sp 000 0 spa d
020 ## - NÚMERO INTERNACIONAL ESTÁNDAR DEL LIBRO
Número Internacional Estándar del Libro 9788446031796
040 ## - FUENTE DE LA CATALOGACIÓN
Centro catalogador/agencia de origen DO-SdBNP
Lengua de catalogación spa
Centro/agencia transcriptor BNPHU
100 1# - ENTRADA PRINCIPAL--NOMBRE DE PERSONA
Nombre de persona Castro, Fidel
Fechas asociadas al nombre 1926-2016
9 (RLIN) 16971
240 10 - TÍTULO UNIFORME
Título uniforme Título original : Fidel Castro. The declarations of Havana.
Lenguaje de la obra español
245 10 - MENCIÓN DE TÍTULO
Título Las declaraciones de la Habana /
Mención de responsabilidad, etc. Fidel Castro ; introducción a cargo de Tariq Ali ; traducción de la introducción, notas y cronología de Carlos Prieto del Campo.
246 14 - FORMA VARIANTE DE TÍTULO
Título propio/Titulo breve Tariq Ali presenta a Fidel castro : Las declaraciones de la Habana
260 ## - PUBLICACIÓN, DISTRIBUCIÓN, ETC.
Lugar de publicación, distribución, etc. Madrid :
Nombre del editor, distribuidor, etc. Akal,
Fecha de publicación, distribución, etc. 2012.
300 ## - DESCRIPCIÓN FÍSICA
Extensión 157 p. ;
Dimensiones 18 cm.
490 1# - MENCIÓN DE SERIE
Mención de serie Akal Revoluciones ;
Designación de volumen o secuencia 7
504 ## - NOTA DE BIBLIOGRAFÍA, ETC.
Nota de bibliografía, etc. Bibliografía :
504 ## - NOTA DE BIBLIOGRAFÍA, ETC.
Nota de bibliografía, etc. Incluye referencias bibliográficas y notas al pie de las páginas
500 ## - NOTA GENERAL
Nota general Incluye índice
700 1# - PUNTO DE ACCESO ADICIONAL--NOMBRE DE PERSONA
Nombre de persona Ali, Tariq
9 (RLIN) 66900
700 1# - PUNTO DE ACCESO ADICIONAL--NOMBRE DE PERSONA
Nombre de persona Prieto Campo, Carlos
Término indicativo de función/relación tr.
9 (RLIN) 66901
830 #0 - PUNTO DE ACCESO ADICIONAL DE SERIE-TÍTULO UNIFORME
Título uniforme Akal Revoluciones
Número de parte o sección de la obra 7
9 (RLIN) 66902
Existencias
Estado de retiro Estado de pérdida Restricciones de uso No para préstamo Código de colección Localización permanente Ubicación/localización actual Ubicación en estantería Fecha de adquisición Número de inventario Total de préstamos Signatura topográfica completa Código de barras Fecha visto por última vez Precio válido a partir de Tipo de ítem Koha
      Excluido de préstamo Monografías: Libros y Folletos General General En catalogación 02.09.2013 LF1   40572-10 25.06.2020 25.06.2020 No se presta

Con tecnología Koha